000 00731nam a22002537a 4500
003 OSt
005 20231205110821.0
008 231205b |||||||| |||| 00| 0 eng d
020 _a9788126452323
040 _cSTCPL
041 _aMAL
082 _aM3
_bRAM-S
100 _aRamakrishnan, T. D.
_qടി. ഡി. രാമകൃഷ്ണൻ
245 _aSugandhi enna andal devanayaki /
_cby T. D. Ramakrishnan
_hസുഗന്ധി എന്ന ആണ്ടാൾ ദേവനായകി /
250 _a28th ed.
260 _aKottayam :
_bDC books ,
_c2023 .
300 _a328 p.
_bPB
650 _aMalayalam
650 _aLiterature/ novel
942 _cBK
942 _2ddc
942 _2ddc
_n0
942 _2ddc
_n0
999 _c81095
_d81095